00401nam a2200145Ia 4500008004100000040001900041041001200060082002700072100001900099245003100118260005700149300001700206650001000223850002200233131103s9999 xx 000 0 und d aLoreto College aEnglish a891.433/PRAbLCBED/727 aPrasad, Hansla aDinu DakiyacHansla Prasad aNew DelhibSamajik bigyan aur manyabiki bibhagc1675 a67p c 19cm. aHindi aLCBED/891.443/PRA